000
00243nam a2200097 a 4500
005
20200930080344.0
008
120409s1924 000 spa d
245
0
_a
Petite histoire d' Haiti.
260
_a
Port-au-Prince,
_c
1924.
999
_c
36904
_d
36904
040
_a
DO-SdBNP